Bảo mật mạng Windows NT/95/2000 Unix - Linux - Novell : Các giải pháp kỹ thuật /
Sách cung cấp cho bạn đọc những kiến thức để tìm hiểu cách ráp nối và tạo các cuộc tấn công là cách duy nhất để bạn có thể bảo vệ chống lại các cuộc tấn công trên mạng...
Đã lưu trong:
| 主要作者: | |
|---|---|
| 其他作者: | , |
| 格式: | 图书 |
| 语言: | Vietnamese |
| 出版: |
[Tp.HCM] :
Thống kê,
2000.
|
| 主题: | |
| 标签: |
添加标签
没有标签, 成为第一个标记此记录!
|
| Thư viện lưu trữ: | Mạng thư viện Đại học Đà Nẵng |
|---|
| LEADER | 01296cam a2200397 i 4500 | ||
|---|---|---|---|
| 001 | 000046715 | ||
| 003 | 6220 | ||
| 005 | 20030915091223.0 | ||
| 008 | 010306b2000 vm 000 vie | ||
| 020 | |c 54000 | ||
| 022 | |a T | ||
| 040 | |a IRC |c IRC |d IRC | ||
| 041 | 0 | |a vie | |
| 082 | 1 | 4 | |a 005.8 |b NG-T |
| 100 | 1 | |a Nguyễn Tiến. | |
| 245 | 0 | 0 | |a Bảo mật mạng Windows NT/95/2000 Unix - Linux - Novell : |b Các giải pháp kỹ thuật / |c Nguyễn Tiến, Đặng Xuân Hường, Nguyễn Văn Hoài. |
| 260 | |a [Tp.HCM] : |b Thống kê, |c 2000. | ||
| 300 | |a 607tr. ; |c 20.5cm. | ||
| 520 | 3 | |a Sách cung cấp cho bạn đọc những kiến thức để tìm hiểu cách ráp nối và tạo các cuộc tấn công là cách duy nhất để bạn có thể bảo vệ chống lại các cuộc tấn công trên mạng... | |
| 630 | 0 | 4 | |a Tin học. |
| 630 | 0 | 4 | |a Computer. |
| 630 | 0 | 4 | |a Mạng. |
| 630 | 0 | 4 | |a Bảo mật mạng. |
| 650 | 0 | 4 | |a Mạng máy tính. |
| 700 | 1 | |a Nguyễn Văn Hoài. | |
| 700 | 1 | |a Đặng Xuân Hường. | |
| OWN | |a DUT | ||
| 999 | |a From the UDN01 | ||
| TYP | |a Monograph | ||
| TYP | |a Printed language | ||
| 980 | |a Mạng thư viện Đại học Đà Nẵng | ||